000 00629nam a2200205Ia 4500
999 _c28533
_d28533
003 OSt
005 20250827102027.0
008 250310s9999||||xx |||||||||||||| ||und||
040 _c.
082 _a621.3
_bT398
100 _940
_aTheraja, B. L.
245 0 _aA Textbook of Electrical technology in S.I. units /
_cby B. L. Theraja and A. K. Theraja
250 _a1st ed.
260 _aNew Delhi :
_bPublication Division of Nirja Construction and Development,
_c1995.
300 _a1144 p.
650 0 _911
_aElectrical Engineering
650 0 _92749
_aElectrical technology
700 _91842
_aTheraja, A.K.
942 _cBK
_2ddc